00691nam a2200169Ia 4500008004100000082002000041100003800061245012000099260001900219300001000238500003000248505002500278650001500303700007700318952010900395999001700504120629s9999 xx 000 0 und d a374.372.4 V181m aValle de Montejano, Margarita del aMetodología de la Lectura / Margarita del Valle de Montejano, Leticia Pérez Gutiérrez; Alfonso Rubio y Rubio aMéxico : SEP a331 p aBibliografía e índice aPreparatoria abierta a1. LECTURA aPérez Gutiérrez, Leticia; coaut. \ Rubio y Rubio, Alfonso; rev.Ì 00104070a15b15d2007-07-18l1o374.372.4 V181Mp15 000725r2017-12-07s2017-11-06t1w2012-06-28yLB c75960d75960